A commentary, critical , experimental, and practical on the Old and New Testaments / (Record no. 3499)
[ view plain ]
| 000 -LEADER | |
|---|---|
| fixed length control field | 00597nam a2200157 4500 |
| 008 - FIXED-LENGTH DATA ELEMENTS--GENERAL INFORMATION | |
| fixed length control field | 010828s1868 us engYA |
| 090 ## - LOCALLY ASSIGNED LC-TYPE CALL NUMBER (OCLC); LOCAL CALL NUMBER (OCLC) | |
| Classification number (OCLC) (R) ; Classification number, CALL (RLIN) (NR) | BS491.2 |
| Local cutter number (OCLC) ; Book number/undivided call number, CALL (RLIN) | J24co |
| 100 1# - MAIN ENTRY--PERSONAL NAME | |
| Personal name | Jamieson, Robert |
| 245 10 - TITLE STATEMENT | |
| Title | A commentary, critical , experimental, and practical on the Old and New Testaments / |
| Statement of responsibility, etc | by Robert Jamieson, A. R. Fausset, and David Brown. |
| 260 ## - PUBLICATION, DISTRIBUTION, ETC. (IMPRINT) | |
| Place of publication, distribution, etc | Philadelphia : |
| Name of publisher, distributor, etc | J. B. Lippincott, |
| Date of publication, distribution, etc | c1868. |
| 300 ## - PHYSICAL DESCRIPTION | |
| Extent | 6 volumes : |
| Other physical details | ill., col. maps. |
| 650 #4 - SUBJECT ADDED ENTRY--TOPICAL TERM | |
| Topical term or geographic name as entry element | Bible4xCommentaries. |
| 700 1# - ADDED ENTRY--PERSONAL NAME | |
| Personal name | Brown, David |
| 700 1# - ADDED ENTRY--PERSONAL NAME | |
| Personal name | Fausset, A. R. |
| 951 ## - EQUIVALENCE OR CROSS-REFERENCE-GEOGRAPHIC NAME/AREA NAME [OBSOLETE] [CAN/MARC only] | |
| -- | 5561 |
| -- | BS491.2/J24co-V |
| -- | 070613110953078 |
| -- | 2000-12-21 |
| -- | REF |
| Withdrawn status | Lost status | Damaged status | Not for loan | Home library | Current library | Shelving location | Date acquired | Accession number | Shelving control number | Total Checkouts | Full call number | Date last seen | Price effective from | Koha item type |
|---|---|---|---|---|---|---|---|---|---|---|---|---|---|---|
| BSOP Library | BSOP Library | Reference | 12/21/2000 | 5561 | 127 | BS491.2/J24co-V | 02/23/2013 | 02/23/2013 | Books |
